Organizational behaviour (Record no. 110338)

MARC details
000 -LEADER
fixed length control field 00383nam a2200157Ia 4500
008 - FIXED-LENGTH DATA ELEMENTS--GENERAL INFORMATION
fixed length control field 230917s9999||||xx |||||||||||||| ||und||
040 ## - CATALOGING SOURCE
-- 101979
Original cataloging agency VIVEKANANDA LIBRARY
041 ## - Language
-- English
082 ## - DDC NUMBER
Classification number 658.4 H369O
100 ## - MAIN ENTRY--PERSONAL NAME
Personal name Hellrigel, Don
245 #0 - TITLE STATEMENT
Title Organizational behaviour
250 ## - EDITION STATEMENT
Edition statement 9th ed.
260 ## - PUBLICATION, DISTRIBUTION, ETC. (IMPRINT)
Place of publication, distribution, etc Australia
Name of publisher, distributor, etc South Western
Date of publication, distribution, etc 2001
300 ## - PHYSICAL DESCRIPTION
Pages xxiii, 596 p.
942 ## - ADDED ENTRY ELEMENTS (KOHA)
Koha item type Books
Holdings
Withdrawn status Lost status Damaged status Not for loan Location (home branch) Sublocation or collection (holding branch) Shelving location Date acquired Koha issues (times borrowed) Koha full call number Accession No. Koha date last seen Koha item type
        VIVEKANANDA LIBRARY VIVEKANANDA LIBRARY IMSAR Library 26/07/2004   658.4 H369O 197406 17/09/2023 Books
© Designed and Maintained by Vivekananda Library, MDU Rohtak